| 000 | 00945cam a2200157ua 4500 | ||
|---|---|---|---|
| 041 |
_aeng _h |
||
| 082 |
_a690.028 _bIND/SP |
||
| 110 | 1 |
_aIndian Standards Institution . _b _c(New Delhi ) |
|
| 245 |
_aSpecification for steel sliding shutters, IS 1045-1983 / _cIndian Standards Institution. _hTextual Documents |
||
| 250 |
_a1 / _b. |
||
| 260 |
_aNew Delhi : _bIndian Standards Institution , _c1983. |
||
| 300 | _a10 ; . | ||
| 504 | _a | ||
| 942 | _cBK | ||
| 999 |
_c7717 _d7717 |
||